[Event "Hessen-ch Seniors op 07th"]
[Site "Bad Sooden-Allendorf"]
[Date "2011.05.07"]
[Round "8"]
[White "Millen, Ernst"]
[Black "Preiss, Lore"]
[Result "0-1"]
[WhiteElo "1650"]
[BlackElo "1531"]
[PlyCount "80"]
[EventDate "2011.04.30"]
[EventType "swiss"]
[EventRounds "9"]
[EventCountry "GER"]
[SourceTitle "EXT 2012"]
[Source "ChessBase"]
[SourceDate "2011.11.24"]
[SourceVersion "1"]
[SourceVersionDate "2011.11.24"]
[SourceQuality "1"]

1. c4 c5 2. Nc3 Nc6 3. g3 Nf6 4. Bg2 e6 5. e4 d6 6. Nge2 Be7 7. d3 a6 8. 0-0 0-0 9. Rb1 Rb8 10. a3 Nd7 11. b4 cxb4 12. axb4 Nce5 13. h3 b5 14. cxb5 axb5 15. Be3 Nf6 16. Nd4 Bd7 17. Qe2 Ne8 18. Rfc1 Ng6 19. Na2 e5 20. Nc6 Bxc6 21. Rxc6 Bg5 22. Bxg5 Qxg5 23. Nc3 Qd8 24. Nd5 Ne7 25. Nxe7+ Qxe7 26. Rbc1 Qa7 27. Qb2 Qd7 28. d4 f6 29. d5 g6 30. Kh2 Rf7 31. h4 Kg7 32. Bh3 Qa7 33. Ra1 Qb7 34. Qc3 f5 35. exf5 gxf5 36. Qe3 Qe7 37. Rca6 h6 38. Rb6 Rb7 39. Bf1 Nf6 40. Rxb5 Ng4+ 0-1

[Event "Hessen-ch Seniors op 07th"]
[Site "Bad Sooden-Allendorf"]
[Date "2011.05.03"]
[Round "4"]
[White "Millen, Ernst"]
[Black "Hopp, Barbara"]
[Result "1-0"]
[WhiteElo "1650"]
[BlackElo "1518"]
[PlyCount "93"]
[EventDate "2011.04.30"]
[EventType "swiss"]
[EventRounds "9"]
[EventCountry "GER"]
[SourceTitle "EXT 2012"]
[Source "ChessBase"]
[SourceDate "2011.11.24"]
[SourceVersion "1"]
[SourceVersionDate "2011.11.24"]
[SourceQuality "1"]

1. c4 g6 2. Nc3 Bg7 3. d4 Nf6 4. e3 d6 5. Nf3 Bg4 6. Be2 0-0 7. h3 Bd7 8. 0-0 Qc8 9. Kh2 c6 10. Bd2 Re8 11. e4 e5 12. d5 Nh5 13. Ne1 Nf6 14. Qc1 Na6 15. Nd3 Nc7 16. Bh6 Bh8 17. f3 a6 18. Nf2 cxd5 19. cxd5 Bg7 20. Qd2 Qd8 21. Bg5 Qc8 22. Rac1 Qb8 23. a3 b5 24. Ncd1 Rc8 25. f4 Nce8 26. fxe5 dxe5 27. Rxc8 Qxc8 28. Nc3 Nd6 29. Bd3 Ra7 30. Bxf6 Bxf6 31. Nfd1 Bg7 32. Qf2 Ra8 33. Ne3 Qf8 34. Nc2 Nc4 35. Bxc4 bxc4 36. d6 f6 37. Nd5 Qxd6 38. Nxf6+ Bxf6 39. Qxf6 Qxf6 40. Rxf6 Kg7 41. Rb6 Bb5 42. Ne3 Re8 43. Nd5 Rc8 44. h4 Rc6 45. Rb7+ Kh8 46. g4 Rc8 47. Nf6 1-0

[Event "Hessen-ch Seniors op 07th"]
[Site "Bad Sooden-Allendorf"]
[Date "2011.05.01"]
[Round "2"]
[White "Millen, Ernst"]
[Black "Pastowski, Werner"]
[Result "1/2-1/2"]
[WhiteElo "1650"]
[BlackElo "1514"]
[PlyCount "75"]
[EventDate "2011.04.30"]
[EventType "swiss"]
[EventRounds "9"]
[EventCountry "GER"]
[SourceTitle "EXT 2012"]
[Source "ChessBase"]
[SourceDate "2011.11.24"]
[SourceVersion "1"]
[SourceVersionDate "2011.11.24"]
[SourceQuality "1"]

1. c4 c5 2. Nc3 Nc6 3. g3 g6 4. d3 Bg7 5. Bd2 d6 6. Bg2 Nf6 7. Rb1 0-0 8. a3 Rb8 9. b4 cxb4 10. axb4 Bd7 11. e3 Qc8 12. b5 Ne5 13. Qe2 Bf5 14. e4 Be6 15. h3 Ned7 16. Nf3 b6 17. Nd4 Ne5 18. Be3 Nfd7 19. f4 Nxd3+ 20. Qxd3 Bxc4 21. Qd2 Nc5 22. Nc6 Rb7 23. Bxc5 dxc5 24. e5 Rd7 25. Qe3 e6 26. Rd1 Rxd1+ 27. Kxd1 Qd7+ 28. Qd2 Qc7 29. Qd6 Qxd6+ 30. exd6 Bxc3 31. Kc2 Bf6 32. Nxa7 Bd5 33. Bxd5 exd5 34. Nc6 Ra8 35. d7 Kf8 36. Re1 d4 37. g4 h6 38. h4 1/2-1/2

[Event "Bad Bevensen Seniors op 12th"]
[Site "Bad Bevensen"]
[Date "2009.07.15"]
[Round "9"]
[White "Millen, Ernst"]
[Black "Prinz, Tade"]
[Result "1-0"]
[WhiteElo "1743"]
[BlackElo "1544"]
[PlyCount "111"]
[EventDate "2009.07.07"]
[EventType "swiss"]
[EventRounds "9"]
[EventCountry "GER"]
[SourceTitle "EXT 2022"]
[Source "ChessBase"]
[SourceDate "2021.10.06"]
[SourceVersion "1"]
[SourceVersionDate "2021.10.06"]
[SourceQuality "1"]

1. c4 Nf6 2. Nc3 d6 3. g3 e5 4. d3 Be7 5. Bg2 c6 6. Nf3 Nbd7 7. 0-0 a6 8. b4 Nf8 9. Qb3 Ne6 10. e3 0-0 11. a3 Bd7 12. Rd1 h6 13. c5 Nh7 14. cxd6 Bxd6 15. Ne4 Bc7 16. Bb2 Neg5 17. Nxe5 Be6 18. Qc3 f6 19. Ng6 Re8 20. Nc5 Bf7 21. Nh4 Rb8 22. Nxb7 Rxb7 23. Bxc6 Nh3+ 24. Kf1 Bd5 25. Bxb7 Bxb7 26. e4 Nf8 27. Qb3+ Kh7 28. Nf5 Re6 29. Kg2 Ng5 30. h4 Nf7 31. Rac1 Bb6 32. Qc2 Qa8 33. Qe2 g6 34. Nd4 Rd6 35. Nf3 h5 36. Kh2 Bc8 37. Ne1 Re6 38. f3 Bd7 39. d4 Bb5 40. Qd2 Re8 41. d5 Ne5 42. Bxe5 fxe5 43. Nd3 Nd7 44. Nc5 Qa7 45. d6 Rf8 46. Ne6 Rxf3 47. Ng5+ Kg7 48. Nxf3 Ba4 49. Re1 Bb5 50. Qd5 Bf2 51. Rc7 Qb6 52. Qxe5+ Kg8 53. Qe8+ Kg7 54. Qe7+ Kh6 55. Ng5 Bg1+ 56. Kh1 1-0

[Event "Bad Bevensen Seniors op 12th"]
[Site "Bad Bevensen"]
[Date "2009.07.11"]
[Round "5"]
[White "Ahlberg, Guenter"]
[Black "Millen, Ernst"]
[Result "1/2-1/2"]
[WhiteElo "1865"]
[BlackElo "1743"]
[PlyCount "80"]
[EventDate "2009.07.07"]
[EventType "swiss"]
[EventRounds "9"]
[EventCountry "GER"]
[SourceTitle "EXT 2022"]
[Source "ChessBase"]
[SourceDate "2021.10.06"]
[SourceVersion "1"]
[SourceVersionDate "2021.10.06"]
[SourceQuality "1"]

1. e4 e5 2. Nf3 Nc6 3. Bb5 Nd4 4. Nxd4 exd4 5. 0-0 c6 6. Bc4 b5 7. Be2 Bc5 8. c3 Ne7 9. b4 Bb6 10. Bb2 dxc3 11. Bxc3 0-0 12. d4 d5 13. e5 Ng6 14. Nd2 Nf4 15. Nf3 Bg4 16. Kh1 Qd7 17. Ng1 Nxe2 18. Nxe2 a5 19. f3 Be6 20. a4 bxa4 21. bxa5 Bxa5 22. Rxa4 Bxc3 23. Nxc3 Qc7 24. Rxa8 Rxa8 25. Na4 Qa5 26. Nc5 Bf5 27. g4 Bc8 28. f4 Qb5 29. Rf2 Qc4 30. f5 Ra2 31. Rxa2 Qxa2 32. e6 Kf8 33. Qe1 Qa3 34. Kg2 Qb2+ 35. Qf2 Qxf2+ 36. Kxf2 fxe6 37. fxe6 Ke7 38. g5 Bxe6 39. Ke3 Bh3 40. Kf4 Kd6 1/2-1/2

[Event "Bad Bevensen Seniors op 12th"]
[Site "Bad Bevensen"]
[Date "2009.07.08"]
[Round "2"]
[White "Schlag, Franz"]
[Black "Millen, Ernst"]
[Result "1-0"]
[WhiteElo "1939"]
[BlackElo "1743"]
[PlyCount "51"]
[EventDate "2009.07.07"]
[EventType "swiss"]
[EventRounds "9"]
[EventCountry "GER"]
[SourceTitle "EXT 2022"]
[Source "ChessBase"]
[SourceDate "2021.10.06"]
[SourceVersion "1"]
[SourceVersionDate "2021.10.06"]
[SourceQuality "1"]

1. e4 e5 2. Nf3 Nc6 3. d4 exd4 4. c3 dxc3 5. Nxc3 Bb4 6. Bc4 h6 7. 0-0 Bxc3 8. bxc3 d6 9. e5 Nge7 10. exd6 Qxd6 11. Qb3 0-0 12. Ba3 Qf6 13. Rfe1 Re8 14. Re3 Na5 15. Qa4 Nac6 16. Rae1 Be6 17. Rxe6 fxe6 18. Rxe6 Qxe6 19. Bxe6+ Kh8 20. Qg4 Rad8 21. h3 Ng8 22. Qg6 Nce7 23. Bxe7 Nxe7 24. Qf7 Ng8 25. Nh4 Ne7 26. f4 1-0

[Event "Hessen-ch Seniors op 04th"]
[Site "Bad Sooden-Allendorf"]
[Date "2008.05.01"]
[Round "8"]
[White "Alefs, Willi"]
[Black "Millen, Ernst"]
[Result "0-1"]
[WhiteElo "1617"]
[BlackElo "1709"]
[PlyCount "92"]
[EventDate "2008.04.24"]
[EventType "swiss"]
[EventRounds "9"]
[EventCountry "GER"]
[SourceTitle "EXT 2022"]
[Source "ChessBase"]
[SourceDate "2021.10.06"]
[SourceVersion "1"]
[SourceVersionDate "2021.10.06"]
[SourceQuality "1"]

1. c4 e5 2. Nc3 Nf6 3. e3 d6 4. Nge2 c6 5. d4 Qc7 6. Ng3 Be7 7. Bd3 Nbd7 8. Nf5 Bf8 9. 0-0 g6 10. Ng3 Bg7 11. d5 c5 12. e4 a6 13. f4 exf4 14. Bxf4 Ne5 15. Be2 Nfd7 16. Qd2 0-0 17. Rf2 Qd8 18. Bg5 f6 19. Be3 b6 20. Raf1 Nf7 21. h4 Nde5 22. Rf4 Nh6 23. R4f2 Nhg4 24. Bxg4 Nxg4 25. Rf3 Ne5 26. R3f2 Nxc4 27. Qd3 Nxe3 28. Qxe3 f5 29. exf5 Bd4 30. Qh6 Bxf5 31. h5 Bd3 32. hxg6 Bxg6 33. Nce4 Bxe4 34. Nxe4 Bxf2+ 35. Nxf2 Ra7 36. Qe6+ Kh8 37. Re1 Qh4 38. Re2 Raf7 39. Qe3 b5 40. g3 Qh5 41. Qc3+ Kg8 42. Qe3 Qxd5 43. g4 Rf3 44. Qh6 Rg3+ 45. Kf1 Qd1+ 46. Re1 Rg1+ 0-1

[Event "Hessen-ch Seniors op 03rd"]
[Site "Bad Sooden-Allendorf"]
[Date "2007.05.04"]
[Round "7"]
[White "Harke, Horst"]
[Black "Millen, Ernst"]
[Result "1/2-1/2"]
[WhiteElo "1619"]
[BlackElo "1719"]
[PlyCount "39"]
[EventDate "2007.04.27"]
[EventType "swiss"]
[EventRounds "9"]
[EventCountry "GER"]
[SourceTitle "EXT 2022"]
[Source "ChessBase"]
[SourceDate "2021.10.06"]
[SourceVersion "1"]
[SourceVersionDate "2021.10.06"]
[SourceQuality "1"]

1. d4 Nf6 2. c4 d6 3. Nc3 Nbd7 4. e4 e5 5. d5 a6 6. Be3 c5 7. dxc6 bxc6 8. Be2 Qa5 9. f3 Rb8 10. Qa4 Qb4 11. Qxb4 Rxb4 12. b3 Be7 13. Rb1 0-0 14. Nh3 Rd8 15. Nf2 Nf8 16. 0-0 Ne6 17. Rfd1 c5 18. Nd5 Nxd5 19. cxd5 Nd4 20. Bd3 1/2-1/2

[Event "Hessen-ch Seniors op 02nd"]
[Site "Bad Sooden-Allendorf"]
[Date "2006.05.03"]
[Round "9"]
[White "Millen, Ernst"]
[Black "Fleischer, Ernst"]
[Result "1-0"]
[WhiteElo "1718"]
[BlackElo "1638"]
[PlyCount "99"]
[EventDate "2006.04.25"]
[EventType "swiss"]
[EventRounds "9"]
[EventCountry "GER"]
[SourceTitle "EXT 2007"]
[Source "ChessBase"]
[SourceDate "2006.11.23"]
[SourceVersion "1"]
[SourceVersionDate "2006.11.23"]
[SourceQuality "1"]

1. c4 Nf6 2. Nc3 e6 3. g3 c6 4. Bg2 d5 5. cxd5 cxd5 6. d4 Nc6 7. Nf3 Be7 8. 0-0 0-0 9. e3 b6 10. Re1 Bb7 11. Nd2 Rc8 12. a3 Na5 13. f3 Qd7 14. Bf1 Nc4 15. Bd3 Nxd2 16. Bxd2 Ne8 17. Bb5 Qd8 18. Bd3 Nd6 19. Ne2 Nc4 20. Bxc4 Rxc4 21. Rc1 Rxc1 22. Qxc1 Qd7 23. Nc3 Rc8 24. Qd1 b5 25. Qb3 a6 26. f4 f5 27. Kf2 h6 28. Rg1 h5 29. Ne2 Kf7 30. Nc1 Rc4 31. Nd3 Bd6 32. Bb4 Ke8 33. Bxd6 Qxd6 34. Nc5 Bc8 35. Qd3 b4 36. axb4 Rxb4 37. b3 Qb6 38. Ra1 a5 39. h3 g6 40. Qc3 Bd7 41. Ra3 a4 42. Nxa4 Bxa4 43. Rxa4 Rxb3 44. Ra8+ Ke7 45. Qc8 Rb2+ 46. Kf3 Qb7 47. Qc5+ Kf6 48. Ra7 Rf2+ 49. Kxf2 Qb2+ 50. Kf3 1-0

[Event "Hessen-ch Seniors op 02nd"]
[Site "Bad Sooden-Allendorf"]
[Date "2006.04.26"]
[Round "2"]
[White "Millen, Ernst"]
[Black "Kripp, Wolfgang"]
[Result "1/2-1/2"]
[WhiteElo "1718"]
[BlackElo "2038"]
[PlyCount "85"]
[EventDate "2006.04.25"]
[EventType "swiss"]
[EventRounds "9"]
[EventCountry "GER"]
[SourceTitle "EXT 2007"]
[Source "ChessBase"]
[SourceDate "2006.11.23"]
[SourceVersion "1"]
[SourceVersionDate "2006.11.23"]
[SourceQuality "1"]

1. e4 Nf6 2. e5 Nd5 3. d4 d6 4. c4 Nb6 5. Nf3 Bg4 6. exd6 exd6 7. Be2 Be7 8. 0-0 0-0 9. Qc2 Nc6 10. Be3 Bf6 11. Nbd2 Re8 12. Bd3 g6 13. a3 a5 14. Rac1 d5 15. c5 Nc8 16. Bb5 N8e7 17. Bd3 Bf5 18. Rfe1 Qd7 19. Kh1 Bxd3 20. Qxd3 Qf5 21. Qb3 Qd7 22. Rcd1 Nf5 23. Qc3 Re7 24. b4 axb4 25. axb4 Rae8 26. Nb3 Na7 27. Qd3 c6 28. Kg1 Nb5 29. Kf1 Re6 30. Bf4 Rxe1+ 31. Rxe1 Rxe1+ 32. Kxe1 Qe6+ 33. Be3 Qe4 34. Qxe4 dxe4 35. Nfd2 Bxd4 36. Nxd4 Nfxd4 37. Bxd4 Nxd4 38. Nxe4 Nc2+ 39. Kd2 Nxb4 40. Nd6 Kf8 41. Nxb7 Ke7 42. Kc3 Nd5+ 43. Kc4 1/2-1/2

[Event "Hessen-ch Seniors op 02nd"]
[Site "Bad Sooden-Allendorf"]
[Date "2006.04.25"]
[Round "1"]
[White "Millen, Ernst"]
[Black "Eigenmann, Peter"]
[Result "1-0"]
[WhiteElo "1718"]
[BlackElo "1285"]
[PlyCount "87"]
[EventDate "2006.04.25"]
[EventType "swiss"]
[EventRounds "9"]
[EventCountry "GER"]
[SourceTitle "EXT 2007"]
[Source "ChessBase"]
[SourceDate "2006.11.23"]
[SourceVersion "1"]
[SourceVersionDate "2006.11.23"]
[SourceQuality "1"]

1. c4 c5 2. Nc3 Nc6 3. g3 Nf6 4. Bg2 e6 5. e4 Ne5 6. d3 Be7 7. Nf3 Bd6 8. 0-0 h6 9. Qe2 0-0 10. Nd2 Nc6 11. Nb3 e5 12. Be3 b6 13. Nd5 Nxd5 14. cxd5 Ne7 15. Nd2 Bc7 16. Nc4 d6 17. f4 f6 18. f5 b5 19. Nd2 a5 20. b3 Ba6 21. Rac1 a4 22. bxa4 bxa4 23. Nc4 Qd7 24. g4 g5 25. fxg6 Nxg6 26. Bxh6 Rf7 27. Ne3 Nh4 28. Nf5 Rh7 29. Be3 Nxf5 30. exf5 Qg7 31. Bf2 Kf7 32. Qe4 Bb5 33. Bf3 Qh6 34. Bg3 Qd2 35. Rcd1 Qxa2 36. Rf2 Qb3 37. g5 fxg5 38. f6 Rh6 39. Be2 Rxf6 40. Qh7+ Ke8 41. Rxf6 Qxd5 42. Bh5+ Kd8 43. Rf8+ Be8 44. Rxe8# 1-0

[Event "Nibelungen Seniors op 2nd"]
[Site "Worms"]
[Date "2005.10.03"]
[Round "7"]
[White "Schtscherbin, Alexander"]
[Black "Millen, Ernst"]
[Result "0-1"]
[WhiteElo "1804"]
[BlackElo "2002"]
[PlyCount "72"]
[EventDate "2005.09.30"]
[EventType "swiss"]
[EventRounds "7"]
[EventCountry "GER"]
[SourceTitle "EXT 2007"]
[Source "ChessBase"]
[SourceDate "2006.11.23"]
[SourceVersion "1"]
[SourceVersionDate "2006.11.23"]
[SourceQuality "1"]

1. d4 Nf6 2. Nf3 e6 3. c4 d6 4. Nc3 c6 5. e4 Qc7 6. Bf4 Nbd7 7. d5 e5 8. Bd2 a6 9. Rc1 c5 10. Bd3 Be7 11. 0-0 Nf8 12. h3 Ng6 13. Re1 h6 14. Kh2 Nh7 15. g3 Qd7 16. Ng1 Bf6 17. Na4 Bd8 18. Nc3 Ng5 19. Qh5 Nh7 20. Nd1 Nf6 21. Qe2 Rb8 22. Ne3 Ne7 23. f4 0-0 24. Bc3 Bc7 25. Rf1 b5 26. b3 b4 27. Ba1 a5 28. Qg2 a4 29. Nf3 Ng6 30. fxe5 Nxe5 31. Nxe5 dxe5 32. Nf5 Kh7 33. Rc2 axb3 34. axb3 Ng8 35. Bb2 Rb6 36. Bc1 Qd8 0-1

[Event "Hessen-ch Seniors op 01st"]
[Site "Bad Sooden-Allendorf"]
[Date "2005.04.25"]
[Round "4"]
[White "Millen, Ernst"]
[Black "Strozewski, Guenter"]
[Result "1/2-1/2"]
[WhiteElo "1705"]
[BlackElo "1715"]
[PlyCount "48"]
[EventDate "2005.04.22"]
[EventType "swiss"]
[EventRounds "9"]
[EventCountry "GER"]
[SourceTitle "EXT 2007"]
[Source "ChessBase"]
[SourceDate "2006.11.23"]
[SourceVersion "1"]
[SourceVersionDate "2006.11.23"]
[SourceQuality "1"]

1. d4 e6 2. Nf3 Nf6 3. g3 d5 4. Bg2 c5 5. c3 Qb6 6. 0-0 Nc6 7. e3 Bd6 8. Nbd2 h6 9. b3 Bd7 10. Ba3 Ne7 11. c4 Qc7 12. Rc1 b6 13. Re1 0-0 14. e4 dxe4 15. Nxe4 Nxe4 16. Rxe4 Bc6 17. Re2 Rad8 18. b4 Bxf3 19. Bxf3 cxd4 20. c5 bxc5 21. bxc5 Be5 22. c6 Rfe8 23. Qd3 Bf6 24. Rb2 Nd5 1/2-1/2

[Event "Hessen-ch Seniors op 01st"]
[Site "Bad Sooden-Allendorf"]
[Date "2005.04.23"]
[Round "2"]
[White "Millen, Ernst"]
[Black "Grabitz, Georg"]
[Result "1/2-1/2"]
[WhiteElo "1705"]
[BlackElo "1914"]
[PlyCount "39"]
[EventDate "2005.04.22"]
[EventType "swiss"]
[EventRounds "9"]
[EventCountry "GER"]
[SourceTitle "EXT 2007"]
[Source "ChessBase"]
[SourceDate "2006.11.23"]
[SourceVersion "1"]
[SourceVersionDate "2006.11.23"]
[SourceQuality "1"]

1. d4 Nf6 2. Nf3 g6 3. g3 Bg7 4. c3 0-0 5. Bg2 d6 6. 0-0 Nbd7 7. Nbd2 e5 8. e4 Re8 9. dxe5 dxe5 10. Qc2 b6 11. Ne1 Bb7 12. b3 Qe7 13. a4 a6 14. Ba3 Qd8 15. Rd1 b5 16. Nd3 Qc8 17. f3 c5 18. Bh3 Qc7 19. c4 b4 20. Bb2 1/2-1/2

[Event "Bad Sooden-Allendorf Seniors op 16th"]
[Site "Bad Sooden-Allendorf"]
[Date "2004.04.29"]
[Round "8"]
[White "Neudel, Bernd"]
[Black "Millen, Ernst"]
[Result "1/2-1/2"]
[WhiteElo "1820"]
[BlackElo "2026"]
[PlyCount "42"]
[EventDate "2004.04.22"]
[EventType "swiss"]
[EventRounds "9"]
[EventCountry "GER"]
[SourceTitle "EXT 2006"]
[Source "ChessBase"]
[SourceDate "2005.11.24"]
[SourceVersion "1"]
[SourceVersionDate "2005.11.24"]
[SourceQuality "1"]

1. c4 e5 2. Nc3 Nf6 3. g3 c6 4. e4 d6 5. Bg2 Nbd7 6. Nge2 Be7 7. d3 Nf8 8. Rb1 a5 9. a3 Ng6 10. 0-0 h5 11. h3 h4 12. g4 Nxg4 13. f4 exf4 14. Nxf4 N4e5 15. b3 Nxf4 16. Bxf4 Ng6 17. Be3 0-0 18. d4 Bf6 19. Qd2 Be6 20. d5 Bd7 21. Bd4 Bg5 1/2-1/2

[Event "Bad Sooden-Allendorf Seniors op 16th"]
[Site "Bad Sooden-Allendorf"]
[Date "2004.04.23"]
[Round "2"]
[White "Grueneschild, Hildegard"]
[Black "Millen, Ernst"]
[Result "0-1"]
[WhiteElo "1462"]
[BlackElo "2026"]
[PlyCount "160"]
[EventDate "2004.04.22"]
[EventType "swiss"]
[EventRounds "9"]
[EventCountry "GER"]
[SourceTitle "EXT 2006"]
[Source "ChessBase"]
[SourceDate "2005.11.24"]
[SourceVersion "1"]
[SourceVersionDate "2005.11.24"]
[SourceQuality "1"]

1. c4 d6 2. Nc3 g6 3. g3 Bg7 4. Bg2 e5 5. d3 c6 6. e4 Nf6 7. h3 Nbd7 8. Be3 Nf8 9. Qd2 h6 10. Nf3 Ne6 11. d4 exd4 12. Nxd4 Qc7 13. Nxe6 Bxe6 14. Qd3 Nd7 15. Rd1 Ne5 16. Qxd6 Qxd6 17. Rxd6 Nxc4 18. Rxe6+ fxe6 19. Bc1 0-0 20. 0-0 a5 21. b3 Ne5 22. Ne2 Nd3 23. Be3 a4 24. b4 g5 25. Rb1 a3 26. Rb3 Rfd8 27. b5 e5 28. bxc6 bxc6 29. Rb6 c5 30. Nc3 Bf8 31. Bf1 c4 32. Rc6 Rac8 33. Ra6 Nb2 34. Nd5 c3 35. Ra7 Rxd5 36. exd5 c2 37. Bc1 Bc5 38. Ra6 Kg7 39. Re6 Bd4 40. Re7+ Kf8 41. Rh7 e4 42. Rxh6 Rd8 43. d6 Nd3 44. Bxa3 c1Q 45. Bxc1 Nxc1 46. a4 Nd3 47. Kg2 Kf7 48. Rh7+ Kg6 49. Re7 Nc5 50. Bb5 Rxd6 51. Be8+ Kf6 52. Rf7+ Ke6 53. Rh7 Rd8 54. Bb5 Rb8 55. Rh6+ Ke5 56. Rg6 Kf5 57. Rd6 Nb3 58. Rd5+ Be5 59. Bd7+ Kf6 60. Bb5 Nd4 61. Bd7 Ra8 62. a5 Nb3 63. Bc6 Rxa5 64. Rxa5 Nxa5 65. Bxe4 Nc4 66. g4 Bf4 67. Bd3 Nd2 68. Bf5 Ke5 69. f3 Nc4 70. Kf2 Kd4 71. Ke2 Ne3 72. Be4 Ng2 73. Bb7 Bg3 74. Kd2 Ke5 75. Kd3 Kf4 76. Ke2 Bh4 77. Bc6 Kg3 78. Kd3 Kxh3 79. Ke4 Kg3 80. Kf5 Nf4 0-1

[Event "Bad Sooden-Allendorf Seniors op 15th"]
[Site "Bad Sooden-Allendorf"]
[Date "2003.05.02"]
[Round "4"]
[White "Schewe, Hans"]
[Black "Millen, Ernst"]
[Result "0-1"]
[WhiteElo "1717"]
[BlackElo "2047"]
[PlyCount "84"]
[EventDate "2003.05.??"]
[EventType "swiss"]
[EventRounds "9"]
[EventCountry "GER"]
[SourceTitle "EXT 2006"]
[Source "ChessBase"]
[SourceDate "2005.11.24"]
[SourceVersion "1"]
[SourceVersionDate "2005.11.24"]
[SourceQuality "1"]

1. d4 Nf6 2. Nf3 d6 3. e3 g6 4. Bd3 Bg7 5. c4 Nbd7 6. Nc3 0-0 7. h4 h5 8. Qc2 Re8 9. e4 e5 10. dxe5 dxe5 11. Bg5 c6 12. Na4 Qc7 13. c5 Nf8 14. Bd2 Ne6 15. g3 Nd7 16. b4 Nd4 17. Nxd4 exd4 18. 0-0 Ne5 19. f4 Nxd3 20. Qxd3 Bg4 21. Rae1 Rad8 22. Nb2 b5 23. cxb6 axb6 24. a4 Qd7 25. Nc4 b5 26. axb5 cxb5 27. Na5 Be6 28. Rc1 Bf8 29. Rc2 f5 30. e5 Qd5 31. Rc6 Kh7 32. Rfc1 Qe4 33. Qxe4 fxe4 34. Rc7+ Kg8 35. f5 Bxf5 36. Bg5 Rc8 37. Rxc8 Rxc8 38. Rxc8 Bxc8 39. Nc6 d3 40. Kf1 Bd7 41. Ne7+ Bxe7 42. Bxe7 e3 0-1

[Event "Bad Sooden-Allendorf Seniors op 14th"]
[Site "Bad Sooden-Allendorf"]
[Date "2002.04.25"]
[Round "4"]
[White "Neese, Hans Joachim"]
[Black "Millen, Ernst"]
[Result "1-0"]
[WhiteElo "2176"]
[BlackElo "2047"]
[PlyCount "59"]
[EventDate "2002.04.??"]
[EventType "swiss"]
[EventRounds "9"]
[EventCountry "GER"]
[SourceTitle "EXT 2006"]
[Source "ChessBase"]
[SourceDate "2005.11.24"]
[SourceVersion "1"]
[SourceVersionDate "2005.11.24"]
[SourceQuality "1"]

1. d4 Nf6 2. Nf3 d6 3. c4 g6 4. Nc3 Bg7 5. e4 Nbd7 6. Qc2 c5 7. d5 0-0 8. Be2 a6 9. 0-0 Ne5 10. Nxe5 dxe5 11. Be3 Qd6 12. f3 Nh5 13. Rfd1 f5 14. Rab1 f4 15. Bf2 Bd7 16. b4 b6 17. bxc5 bxc5 18. Rb7 Bc8 19. Rb2 Nf6 20. Rdb1 Qc7 21. Na4 Nd7 22. Qc3 g5 23. Qa3 Qa5 24. Be1 Qc7 25. Rb3 Rf6 26. Bf2 h5 27. Nxc5 Nxc5 28. Qxc5 Qd7 29. Rb6 Rd6 30. Rb8 1-0

[Event "Bad Sooden-Allendorf Seniors op 14th"]
[Site "Bad Sooden-Allendorf"]
[Date "2002.04.22"]
[Round "1"]
[White "Millen, Ernst"]
[Black "Bodinger, Karl"]
[Result "1-0"]
[WhiteElo "2047"]
[BlackElo "1577"]
[PlyCount "139"]
[EventDate "2002.04.??"]
[EventType "swiss"]
[EventRounds "9"]
[EventCountry "GER"]
[SourceTitle "EXT 2006"]
[Source "ChessBase"]
[SourceDate "2005.11.24"]
[SourceVersion "1"]
[SourceVersionDate "2005.11.24"]
[SourceQuality "1"]

1. e4 c5 2. Nf3 d6 3. d4 cxd4 4. Nxd4 Nf6 5. Nc3 a6 6. Be2 e5 7. Nb3 Be6 8. Be3 Nbd7 9. f3 Rc8 10. 0-0 Be7 11. Nd5 Bxd5 12. exd5 0-0 13. c4 Re8 14. Nd2 h6 15. Rc1 a5 16. Bd3 Nc5 17. Bf5 Rc7 18. a3 Bf8 19. b4 axb4 20. axb4 Ncd7 21. g4 g6 22. Bb1 Qc8 23. h3 b6 24. Bc2 g5 25. Bf5 Qb7 26. Qe2 Ra8 27. Ra1 Rcc8 28. Ne4 Nxe4 29. fxe4 Be7 30. Rxa8 Rxa8 31. Bxd7 Qxd7 32. Bxb6 Ra3 33. b5 Rxh3 34. Kg2 Ra3 35. Rf5 f6 36. Qb2 Ra8 37. Bf2 Rb8 38. Qa3 Qb7 39. Qa6 Kf7 40. Rf3 Qc8 41. Qxc8 Rxc8 42. Rc3 Ke8 43. Kf3 Kd7 44. Ba7 Kc7 45. Ke2 Kb7 46. Bf2 Ra8 47. Kd3 Ra2 48. Be3 Rg2 49. Ra3 Bd8 50. Ra7+ Kb8 51. Rh7 Rg3 52. Ke2 Rxg4 53. Rxh6 Rxe4 54. Kd3 Rh4 55. Rg6 Rh3 56. Rg8 Kc7 57. b6+ Kc8 58. b7+ Kxb7 59. Rxd8 f5 60. Ke2 f4 61. Bd2 Kc7 62. Ba5+ Kb7 63. Rxd6 e4 64. Rg6 Rh2+ 65. Kf1 Rh5 66. d6 Rh1+ 67. Kg2 Rd1 68. c5 Ka6 69. d7+ Kxa5 70. Rd6 1-0

[Event "Karl Mala Memorial op 04th"]
[Site "Griesheim"]
[Date "2000.08.03"]
[Round "1"]
[White "Solomunovic, Igor"]
[Black "Millen, Ernst"]
[Result "1-0"]
[WhiteElo "2423"]
[BlackElo "2076"]
[PlyCount "73"]
[EventDate "2000.08.03"]
[EventType "swiss"]
[EventRounds "7"]
[EventCountry "GER"]
[SourceTitle "EXT 2001"]
[Source "ChessBase"]
[SourceDate "2000.11.22"]
[SourceVersion "1"]
[SourceVersionDate "2000.11.22"]
[SourceQuality "1"]

1. e4 d6 2. d4 g6 3. Nc3 Bg7 4. Nf3 Nd7 5. Be2 c5 6. d5 a6 7. a4 h6 8. 0-0 Qc7 9. Be3 Nf8 10. Nd2 g5 11. Nc4 b6 12. f4 gxf4 13. Bxf4 Ng6 14. Bg3 Nf6 15. e5 dxe5 16. d6 Qb8 17. dxe7 Kxe7 18. Rxf6 Bxf6 19. Nd5+ Kf8 20. Nxf6 Be6 21. Nd7+ Bxd7 22. Qxd7 Ra7 23. Qc6 Re7 24. Nxb6 Kg7 25. Nc4 Re6 26. Qxc5 Rc8 27. Qe3 f5 28. Bf2 Nf4 29. Bf1 Rg6 30. g3 Rxc4 31. Bxc4 Nh3+ 32. Kf1 Nxf2 33. Kxf2 Qxb2 34. Ra2 Qb8 35. Qc5 f4 36. Ra3 Rf6 37. Qe7+ 1-0